|
|
|
|
| LEADER |
00000nam#a22000001ab4500 |
| 001 |
00033277 |
| 003 |
AR-BaUAD |
| 005 |
20240916135030.0 |
| 008 |
230606s2000####ag#ao||##||||||||#||spa|d |
| 020 |
|
|
|a 9506120404
|
| 040 |
|
|
|a AR-BaUAD
|b spa
|c AR-BaUAD
|
| 041 |
|
|
|a spa
|
| 044 |
|
|
|c ar
|2 ISO3166-1
|
| 080 |
|
|
|a 729.9
|x (82)
|
| 080 |
|
|
|a 729.969.3
|x (82)
|
| 110 |
2 |
|
|a Academia Nacional de Bellas Artes (Buenos Aires)
|
| 245 |
1 |
0 |
|a Iglesia y Convento de San Francisco de Córdoba
|
| 260 |
|
|
|a Córdoba :
|b Academia Nacional de Bellas Artes,
|c 2000
|
| 300 |
|
|
|a 200 p. :
|b il., fot., reprod.
|
| 490 |
|
|
|a Patrimonio artístico nacional : Inventario de bienes muebles
|
| 500 |
|
|
|a Prólogo / José Manuel de la Sota: p. 7.
|
| 500 |
|
|
|a Notas: p. 186-189.
|
| 500 |
|
|
|a Índice de nombres, temas, firmas y materias: p. 191-194.
|
| 500 |
|
|
|a Índice geográfico: p. 195-196.
|
| 500 |
|
|
|a Índice de objetos: p. 196-197.
|
| 500 |
|
|
|a Páginas faltantes: 55-58.
|
| 655 |
|
|
|a TEXTO
|
| 852 |
|
|
|c FALTA UBICACION (campo 203)!!!
|
| 952 |
|
|
|0 0
|1 0
|4 0
|7 0
|9 43112
|a AR-BaUAD
|b AR-BaUAD
|d 2013-03-06
|e Donación Academia Nacional de Bellas Artes
|g 80.00
|i 34001
|l 0
|p 34001
|r 2024-09-16 13:50:30
|w 2024-09-16
|y BK
|
| 990 |
|
|
|a Ej. N° 1 : 34001 . 2013-03-06 -- Donación Academia Nacional de Bellas Artes -- (80 pesos).
|b ADM
|
| 990 |
|
|
|a A200
|b TD
|
| 990 |
|
|
|a NDL
|b OP
|
| 990 |
|
|
|a AAQ00033277
|b CC
|
| 998 |
|
|
|a AAQ
|b Bibun 76
|
| 942 |
|
|
|c BKS
|
| 999 |
|
|
|c 22996
|d 22996
|